20 najrzadziej zgadywanych państw na quizie ,,państwa świata'' - Statystyki

Ogólne statystyki
  • Ten quiz został rozwiązany 197 razy
  • Średni wynik to 14 z 20
Statystyki odpowiedzi
Procent odgadnięć Państwo % Poprawnych
13/AO Nauru
82%
14/AP Saint Lucia
81%
13/AP Saint Kitts i Nevis
80%
13/AO Tuvalu
80%
14/AO Palau
79%
12/AP Saint Vincent i Grenadyny
79%
13/AO Vanuatu
79%
15/AO Kiribati
76%
13/AO Tonga
76%
14/AO Samoa
75%
12/AP Grenada
73%
16/AZ Brunei
70%
14/AP Antigua i Barbuda
68%
15/AF Komory
68%
17/AF Eswatini
67%
15/AF Burundi
65%
17/AZ Timor Wschodni
65%
17/AF Mauritius
63%
16/AF Malawi
47%
16/AF Sierra Leone
40%
Nie znaleziono quizów pasujących do podanych kryteriów
Rozkład punktacji
Procent ludzi z każdym wynikiem
Percentyl według liczby udzielonych odpowiedzi
Twoja historia wyników
Nie rozwiązałeś tego quizu